[Event "ZN-2013-0-02240"]
[Site "LSS email"]
[Date "2013.03.21"]
[Round "?"]
[White "Lauer, Fredric"]
[Black "Tobey, Al E"]
[Result "1-0"]
[WhiteElo "989"]
[BlackElo "602"]
[PlyCount "81"]
[EventDate "2013.03.17"]
[EventType "match (corr)"]
[EventRounds "2"]
[EventCountry "GER"]
[SourceTitle "Telechess CBM 161"]
[Source "ChessBase"]
[SourceDate "2014.07.16"]
[SourceVersion "1"]
[SourceVersionDate "2014.07.16"]
[SourceQuality "1"]

1. e4 e5 2. Nf3 d6 3. Bc4 Nh6 4. d3 Bg4 5. Bxh6 gxh6 6. Nc3 Nc6 7. h3 Bh5 8. g4 Bg6 9. Qd2 Qf6 10. Qe3 0-0-0 11. 0-0-0 h5 12. g5 Qf4 13. Qxf4 exf4 14. Nd5 Ne5 15. Nxe5 dxe5 16. h4 h6 17. f3 c6 18. Nc3 Bc5 19. Kb1 Bd4 20. Ne2 Be3 21. a3 hxg5 22. hxg5 h4 23. Rh3 Kc7 24. Rdh1 b5 25. Bb3 Bf2 26. R1h2 Be3 27. Rxh4 Rhf8 28. Nc3 Bg1 29. Rg2 Bd4 30. Ne2 Bb6 31. Rgh2 a5 32. Nc1 a4 33. Ba2 f6 34. Rh6 Bf7 35. Bxf7 fxg5 36. Ba2 Bc5 37. Rg6 Rh8 38. Rhh6 Rxh6 39. Rxh6 Be7 40. c3 Bf6 41. Rxf6 1-0

[Event "SN-2012-0-00476"]
[Site "LSS email"]
[Date "2012.12.12"]
[Round "?"]
[White "Mistr, Ludek"]
[Black "Tobey, Al E"]
[Result "1-0"]
[WhiteElo "594"]
[BlackElo "602"]
[PlyCount "85"]
[EventDate "2012.11.23"]
[EventType "tourn (corr)"]
[EventRounds "6"]
[EventCountry "GER"]
[SourceTitle "Telechess CBM 161"]
[Source "ChessBase"]
[SourceDate "2014.07.16"]
[SourceVersion "1"]
[SourceVersionDate "2014.07.16"]
[SourceQuality "1"]

1. e4 e5 2. Nf3 d6 3. Nc3 Nf6 4. d4 exd4 5. Qxd4 Nc6 6. Qd1 Be7 7. Bc4 0-0 8. 0-0 Na5 9. Bd3 Nc6 10. h3 Nd7 11. Nd5 Nce5 12. Nxe5 Nxe5 13. Be2 c6 14. Nxe7+ Qxe7 15. f4 Ng6 16. Bf3 Nh4 17. c4 Nxf3+ 18. Qxf3 Be6 19. b3 f5 20. e5 d5 21. a4 d4 22. Rd1 c5 23. Ba3 b6 24. Rab1 Qe8 25. g3 Bf7 26. b4 Bxc4 27. bxc5 d3 28. cxb6 Rf7 29. b7 Rb8 30. Bd6 Rbxb7 31. Rxb7 h6 32. Qh5 Be6 33. Rb8 Bc8 34. Rxd3 Kh7 35. a5 Qd7 36. Rbb3 g6 37. Qf3 Bb7 38. Qe2 Ba6 39. e6 Bxd3 40. exf7 Qxd6 41. Qxd3 Qf8 42. Rb7 Kg7 43. Qd4+ 1-0

[Event "SN-2012-0-00476"]
[Site "LSS email"]
[Date "2012.12.12"]
[Round "?"]
[White "Tobey, Al E"]
[Black "Lombardi, Donato"]
[Result "1-0"]
[WhiteElo "602"]
[BlackElo "926"]
[PlyCount "85"]
[EventDate "2012.11.23"]
[EventType "tourn (corr)"]
[EventRounds "6"]
[EventCountry "GER"]
[SourceTitle "Telechess CBM 161"]
[Source "ChessBase"]
[SourceDate "2014.07.16"]
[SourceVersion "1"]
[SourceVersionDate "2014.07.16"]
[SourceQuality "1"]

1. e4 e6 2. d4 d5 3. e5 c5 4. Nf3 cxd4 5. Nxd4 Nc6 6. Nxc6 bxc6 7. Be2 Qc7 8. 0-0 Qxe5 9. g3 Nf6 10. Re1 Qd6 11. Bf3 e5 12. Bf4 Be7 13. Bxe5 Qb4 14. a3 Qb7 15. Bxf6 gxf6 16. b4 Be6 17. Nc3 0-0-0 18. Na4 Qb5 19. Nc3 Qc4 20. Na4 h5 21. Be2 Qxe2 22. Qxe2 d4 23. Qa6+ Kc7 24. Qxa7+ Kd6 25. Qxd4+ Kc7 26. Qb6+ Kd6 27. Nc5 Bd5 28. Nb7+ Kd7 29. Nxd8 Rxd8 30. Re3 Bd6 31. Rc1 f5 32. c4 f4 33. Rd3 Be4 34. Rxd6+ Kxd6 35. Qxd8+ Ke5 36. Re1 f3 37. Qe8+ Kd4 38. Qxe4+ Kc3 39. Qxf3+ Kxc4 40. Qxc6+ Kb3 41. Re3+ Kb2 42. Qc3+ Ka2 43. Re2+ 1-0

[Event "RN-2012-0-00542"]
[Site "LSS email"]
[Date "2012.10.09"]
[Round "?"]
[White "Evtyugin, Yury Alekseevich"]
[Black "Tobey, Al E"]
[Result "1-0"]
[WhiteElo "886"]
[BlackElo "554"]
[PlyCount "50"]
[EventDate "2012.09.29"]
[EventType "tourn (corr)"]
[EventRounds "6"]
[EventCountry "GER"]
[SourceTitle "Telechess CBM 165"]
[Source "ChessBase"]
[SourceDate "2015.03.11"]
[SourceVersion "1"]
[SourceVersionDate "2015.03.11"]
[SourceQuality "1"]

1. e4 e5 2. Nf3 d6 3. d4 Be7 4. c4 Bg4 5. dxe5 dxe5 6. Be2 Qxd1+ 7. Bxd1 Nc6 8. 0-0 Nf6 9. Nc3 Bxf3 10. Bxf3 Nd4 11. Bd1 0-0 12. Be3 c6 13. a3 a5 14. f3 Ne6 15. Bc2 Nh5 16. g3 g6 17. Ne2 Nc5 18. b4 Ne6 19. c5 axb4 20. axb4 Rxa1 21. Rxa1 Nhg7 22. Ra7 Rb8 23. f4 exf4 24. Nxf4 Bg5 25. h4 Bf6 1-0

[Event "ZN-2012-0-02065"]
[Site "LSS email"]
[Date "2012.10.05"]
[Round "?"]
[White "Sandocal, Uzmir"]
[Black "Tobey, Al E"]
[Result "1-0"]
[WhiteElo "1124"]
[BlackElo "554"]
[PlyCount "33"]
[EventDate "2012.09.26"]
[EventType "match (corr)"]
[EventRounds "2"]
[EventCountry "GER"]
[SourceTitle "Corr 2015"]
[Source "ChessBase"]
[SourceDate "2015.07.17"]
[SourceVersion "1"]
[SourceVersionDate "2015.07.17"]
[SourceQuality "1"]

1. b3 e5 2. Bb2 Bd6 3. f4 f6 4. e4 Nc6 5. Bc4 Na5 6. Bxg8 Rxg8 7. Qh5+ Ke7 8. fxe5 Bxe5 9. Bxe5 Nc6 10. Bg3 h6 11. Nc3 Kf8 12. Nh3 Nb4 13. 0-0 Nxc2 14. Rac1 Nd4 15. Nd5 d6 16. Rxc7 Bd7 17. Bxd6+ 1-0